| 000 | 00343nam a22001457a 4500 | ||
|---|---|---|---|
| 003 | SGT | ||
| 082 |
_a616.5 _bC16H |
||
| 100 | _aHABIF, THOMAS P. | ||
| 245 | _aCLINICAL DERMATOLOGY: A COLOR GUIDE TO DIAGNOSIS & THERAPY | ||
| 250 | _a6TH | ||
| 260 |
_aINDIA _bELSEVIER PUB _c2016 |
||
| 300 | _a1008 | ||
| 650 | _aHOMOEOPATHIC | ||
| 942 |
_2ddc _cBK |
||
| 999 |
_c18609 _d18609 |
||